[Event "St Petersburg-Moscow"]
[Site "St Petersburg"]
[Date "2003.05.05"]
[Round "2"]
[White "Bebchuk, Evgeni"]
[Black "Bukhman, Eduard"]
[Result "1/2-1/2"]
[WhiteElo "2310"]
[BlackElo "2371"]
[PlyCount "37"]
[EventDate "2003.05.03"]
[EventType "team"]
[EventRounds "2"]
[EventCountry "RUS"]
[SourceTitle "CBM 095"]
[Source "ChessBase"]
[SourceDate "2003.07.25"]
[SourceVersion "1"]
[SourceVersionDate "2003.07.25"]
[SourceQuality "1"]

1. e4 e6 2. d4 d5 3. Nc3 Bb4 4. e5 c5 5. Bd2 Ne7 6. Nb5 Bxd2+ 7. Qxd2 0-0 8. dxc5 Nd7 9. f4 Nxc5 10. Bd3 Qb6 11. 0-0-0 Bd7 12. Nd4 Rfc8 13. Nge2 Nc6 14. Kb1 Nxd4 15. Nxd4 Na4 16. Nb3 a5 17. Rhe1 Bb5 18. Qe3 Rc6 19. g4 1/2-1/2

[Event "Kiel op 14th"]
[Site "Kiel"]
[Date "2001.08.21"]
[Round "6"]
[White "Schwarz, Frank"]
[Black "Bukhman, Eduard"]
[Result "0-1"]
[WhiteElo "2246"]
[BlackElo "2360"]
[PlyCount "90"]
[EventDate "2001.08.18"]
[EventType "swiss"]
[EventRounds "9"]
[EventCountry "GER"]
[SourceTitle "EXT 2003"]
[Source "ChessBase"]
[SourceDate "2002.11.25"]
[SourceVersion "1"]
[SourceVersionDate "2002.11.25"]
[SourceQuality "1"]

1. d4 Nf6 2. c4 c5 3. d5 b5 4. cxb5 a6 5. b6 e6 6. Nc3 Nxd5 7. Nxd5 exd5 8. Qxd5 Nc6 9. e4 Be7 10. Bc4 0-0 11. Nf3 Rb8 12. 0-0 Rxb6 13. Bd2 d6 14. Qh5 Be6 15. Bd5 Qd7 16. Ng5 Bxg5 17. Qxg5 h6 18. Qg3 Nd4 19. Rfe1 Rxb2 20. Bxh6 f6 21. Kh1 Rf7 22. Bf4 Re2 23. Reb1 Bxd5 24. Rb8+ Rf8 25. Rxf8+ Kxf8 26. exd5 Nf5 27. Qf3 Nd4 28. Qh5 Rxf2 29. Bg3 Rf5 30. Qh8+ Kf7 31. Rb1 Qb5 32. Rg1 Rxd5 33. Qh7 Ne2 34. Rb1 Nxg3+ 35. hxg3 Qd7 36. Qh4 Re5 37. Qc4+ Kg6 38. Rf1 Qe6 39. Qd3+ Re4 40. Kh2 c4 41. Qc2 d5 42. Rd1 Qe5 43. a4 d4 44. a5 d3 45. Qa4 Rh4+ 0-1

[Event "Swidnica op rap"]
[Site "Swidnica"]
[Date "1998.??.??"]
[Round "?"]
[White "Sulskis, Sarunas"]
[Black "Bukhman, Eduard"]
[Result "1-0"]
[WhiteElo "2485"]
[BlackElo "2365"]
[PlyCount "69"]
[EventDate "1998.??.??"]
[EventType "swiss"]
[EventRounds "9"]
[EventCountry "POL"]
[SourceTitle "EXT 2003"]
[Source "ChessBase"]
[SourceDate "2002.11.25"]
[SourceVersion "1"]
[SourceVersionDate "2002.11.25"]
[SourceQuality "1"]

1. e4 g6 2. d4 Bg7 3. Nf3 d6 4. Bc4 e6 5. Bb3 b6 6. 0-0 Bb7 7. Re1 Ne7 8. c3 0-0 9. Bf4 Nd7 10. Nbd2 h6 11. Bg3 Nf6 12. h3 a6 13. a4 Kh8 14. Bh2 d5 15. exd5 exd5 16. a5 Nf5 17. axb6 cxb6 18. Ne5 Nd6 19. Nd3 Rc8 20. Nf3 Nc4 21. Nfe5 Kg8 22. Re2 Ne4 23. Rxe4 dxe4 24. Nxc4 exd3 25. Nd6 Rc7 26. Qxd3 Kh7 27. Nxb7 Rxb7 28. Rxa6 Re8 29. g4 Be5 30. Bxe5 Rxe5 31. Qf3 Ree7 32. Bd5 Rbd7 33. Ra8 Qc7 34. Qf6 Rd8 35. Bxf7 1-0

[Event "Polanica Zdroj op"]
[Site "Polanica Zdroj"]
[Date "1996.??.??"]
[Round "6"]
[White "Bukhman, Eduard"]
[Black "Nadanian, Ashot S"]
[Result "1-0"]
[WhiteElo "2420"]
[BlackElo "2345"]
[PlyCount "103"]
[EventDate "1996.??.??"]
[EventType "swiss"]
[EventRounds "10"]
[EventCountry "POL"]
[SourceTitle "EXT 1998"]
[Source "ChessBase"]
[SourceDate "1997.11.17"]
[SourceVersion "1"]
[SourceVersionDate "1997.11.17"]
[SourceQuality "1"]

1. d4 d5 2. c4 e6 3. Nc3 c5 4. e3 Nf6 5. Nf3 Nc6 6. dxc5 Bxc5 7. a3 a6 8. b4 Ba7 9. Bb2 0-0 10. Qc2 Qc7 11. cxd5 exd5 12. Ne2 Qd6 13. Ned4 Re8 14. Be2 Ne4 15. 0-0 Bg4 16. Rac1 Rac8 17. Nxc6 bxc6 18. Nd4 Bb8 19. g3 Bh3 20. Bxa6 Rc7 21. Nxc6 Re6 22. b5 Bxf1 23. Kxf1 Ba7 24. Kg2 Bb6 25. Qe2 Nc5 26. Bd4 Rh6 27. Qg4 Rg6 28. Qf5 Nd7 29. Bb2 Re6 30. a4 Bc5 31. a5 g6 32. Qg5 f6 33. Qg4 Re4 34. Qd1 Kg7 35. Qd3 h5 36. Rd1 h4 37. Qxd5 Qxd5 38. Rxd5 hxg3 39. hxg3 Kf7 40. Bc8 Rxc8 41. Rxd7+ Ke6 42. Rd3 Ra4 43. Bd4 Bb4 44. a6 Rxc6 45. bxc6 Rxa6 46. Rb3 Bd6 47. Rb6 Ra7 48. c7 Rxc7 49. Bxf6 Rd7 50. Bd4 Kf7 51. f4 g5 52. fxg5 1-0

[Event "Siauliai"]
[Site "Siauliai"]
[Date "1995.??.??"]
[Round "5"]
[White "Bukhman, Eduard"]
[Black "Zapolskis, Antanas J"]
[Result "1/2-1/2"]
[WhiteElo "2395"]
[BlackElo "2385"]
[PlyCount "114"]
[EventDate "1995.??.??"]
[EventType "tourn"]
[EventRounds "11"]
[EventCountry "LTU"]
[EventCategory "2"]
[SourceTitle "EXT 1997"]
[Source "ChessBase"]
[SourceDate "1996.11.15"]
[SourceVersion "1"]
[SourceVersionDate "1996.11.15"]
[SourceQuality "1"]

1. c4 e5 2. Nc3 Nc6 3. e3 Nf6 4. Nf3 d5 5. cxd5 Nxd5 6. Bb5 Nxc3 7. bxc3 Bd7 8. d4 Bd6 9. e4 Qe7 10. 0-0 0-0 11. Re1 Rad8 12. Rb1 b6 13. Qa4 Qe8 14. Bg5 f6 15. Bh4 Kh8 16. Qc4 Na5 17. Qe2 Bxb5 18. Rxb5 c5 19. Rd1 exd4 20. cxd4 c4 21. a4 Rc8 22. e5 fxe5 23. dxe5 c3 24. Qc2 Bc5 25. Rd3 Qg6 26. Kf1 Ba3 27. e6 Qxe6 28. Rxc3 Rxc3 29. Qxc3 Nc4 30. Rg5 Rf7 31. Ne5 Rc7 32. Bg3 Bb2 33. Qd3 Bxe5 34. Bxe5 Rd7 35. Qe2 Kg8 36. Bc3 Qxe2+ 37. Kxe2 h6 38. Rg4 Nd6 39. a5 Re7+ 40. Kd3 bxa5 41. Bxa5 Nf5 42. Bc3 Re6 43. Rc4 h5 44. g3 Kf7 45. h3 Re7 46. Rc5 g6 47. g4 hxg4 48. hxg4 Ng7 49. Ra5 Ne6 50. Be5 Nd8 51. Bc3 Ne6 52. Ke3 Nd8+ 53. Kf4 Ne6+ 54. Kf3 Rd7 55. Ke4 Re7 56. f4 Ng5+ 57. Kd5 Ne4 1/2-1/2

[Event "St Petersburg op"]
[Site "St Petersburg"]
[Date "1994.??.??"]
[Round "9"]
[White "Bukhman, Eduard"]
[Black "Geller, Efim P"]
[Result "1-0"]
[WhiteElo "2380"]
[BlackElo "2490"]
[PlyCount "78"]
[EventDate "1994.02.??"]
[EventType "swiss"]
[EventRounds "9"]
[EventCountry "RUS"]
[SourceTitle "CBM 041"]
[Source "ChessBase"]
[SourceDate "1994.08.01"]
[SourceVersion "1"]
[SourceVersionDate "1994.08.01"]
[SourceQuality "1"]

1. e4 e5 2. Nf3 Nc6 3. Bc4 Nf6 4. d3 Be7 5. 0-0 0-0 6. Re1 d6 7. a3 Bg4 8. h3 Bxf3 9. Qxf3 Nd4 10. Qd1 c6 11. c3 Ne6 12. Bxe6 fxe6 13. Nd2 Nd7 14. Nf3 Rf7 15. d4 exd4 16. Nxd4 Nf8 17. Qg4 Rf6 18. Qe2 Rf7 19. Qg4 Qd7 20. Bg5 Bxg5 21. Qxg5 Ng6 22. Qd2 Raf8 23. Rf1 Qe7 24. Rae1 Rf6 25. f3 Qf7 26. Kh2 h6 27. b4 Nh4 28. Qe3 e5 29. Nf5 Nxf5 30. exf5 Rxf5 31. Qxa7 Rf4 32. Rg1 Rc4 33. Qe3 Qf6 34. Rc1 d5 35. Rge1 Re8 36. Kh1 Re7 37. a4 Kf7 38. Qd3 Qg6 39. Qd2 Qg5 1-0

[Event "St Petersburg op"]
[Site "St Petersburg"]
[Date "1994.??.??"]
[Round "8"]
[White "Neverov, Valeriy"]
[Black "Bukhman, Eduard"]
[Result "0-1"]
[WhiteElo "2530"]
[BlackElo "2380"]
[PlyCount "56"]
[EventDate "1994.02.??"]
[EventType "swiss"]
[EventRounds "9"]
[EventCountry "RUS"]
[SourceTitle "CBM 041"]
[Source "ChessBase"]
[SourceDate "1994.08.01"]
[SourceVersion "1"]
[SourceVersionDate "1994.08.01"]
[SourceQuality "1"]

1. d4 Nf6 2. c4 c5 3. d5 b5 4. cxb5 a6 5. f3 e6 6. e4 exd5 7. e5 Qe7 8. Qe2 Ng8 9. Nc3 Bb7 10. Nh3 c4 11. Be3 Qb4 12. b6 Bc5 13. Bxc5 Qxc5 14. Qf2 d4 15. 0-0-0 Nc6 16. Ne4 Qxe5 17. Bxc4 Nge7 18. Rhe1 0-0 19. Kb1 Nf5 20. Nhg5 Ne3 21. Rxe3 dxe3 22. Qxe3 Na5 23. Qd3 Bxe4 24. Nxe4 Rab8 25. f4 Qxf4 26. Bd5 Rxb6 27. Qc3 Nc6 28. Nd6 Nb4 0-1

[Event "Warsaw op"]
[Site "Warsaw"]
[Date "1992.??.??"]
[Round "6"]
[White "Vaulin, Alexander"]
[Black "Bukhman, Eduard"]
[Result "1-0"]
[WhiteElo "2520"]
[BlackElo "2430"]
[PlyCount "73"]
[EventDate "1992.??.??"]
[EventType "swiss"]
[EventRounds "11"]
[EventCountry "POL"]
[SourceTitle "CBM 028 Extra"]
[Source "ChessBase"]
[SourceDate "1992.07.01"]
[SourceVersion "1"]
[SourceVersionDate "1992.07.01"]
[SourceQuality "1"]

1. c4 Nf6 2. g3 g6 3. Bg2 Bg7 4. d4 0-0 5. Nf3 d6 6. 0-0 Nc6 7. Nc3 e5 8. d5 Ne7 9. e4 Ne8 10. b4 a5 11. Ba3 f5 12. bxa5 h6 13. c5 f4 14. Nd2 dxc5 15. Bxc5 Rxa5 16. Bb4 Ra8 17. Nc4 Rf7 18. a4 Bd7 19. Re1 Nc8 20. Nb5 h5 21. Bc3 Qe7 22. Qd3 fxg3 23. hxg3 c6 24. dxc6 bxc6 25. Nba3 Rxa4 26. Qc2 Ra8 27. Qb2 Ncd6 28. Bf1 Nxc4 29. Nxc4 Rxa1 30. Rxa1 Nd6 31. Bb4 Nxc4 32. Bxc4 c5 33. Bxc5 Qxc5 34. Ra8+ Bf8 35. Qa2 Kg7 36. Bxf7 h4 37. Bxg6 1-0

[Event "Warsaw Legion op"]
[Site "Warsaw"]
[Date "1991.??.??"]
[Round "3"]
[White "Bukhman, Eduard"]
[Black "Lesic, Gordan"]
[Result "1-0"]
[WhiteElo "2430"]
[BlackElo "2240"]
[PlyCount "81"]
[EventDate "1991.??.??"]
[EventType "swiss"]
[EventRounds "11"]
[EventCountry "POL"]
[SourceTitle "EXT 1997"]
[Source "ChessBase"]
[SourceDate "1996.11.15"]
[SourceVersion "1"]
[SourceVersionDate "1996.11.15"]
[SourceQuality "1"]

1. Nf3 Nf6 2. c4 e6 3. g3 b6 4. Bg2 Bb7 5. 0-0 Be7 6. b3 0-0 7. Bb2 d6 8. Nc3 Nbd7 9. d4 Ne4 10. Qc2 Nxc3 11. Bxc3 f5 12. Ne1 Bxg2 13. Nxg2 e5 14. Rad1 Qe8 15. b4 Bg5 16. dxe5 dxe5 17. Rd5 c6 18. Rd6 c5 19. b5 e4 20. Qd1 Rd8 21. Qd5+ Qf7 22. Rd1 Qxd5 23. R6xd5 Nb8 24. Ne3 Rxd5 25. Nxd5 g6 26. a4 Kf7 27. a5 Bd8 28. axb6 axb6 29. Ra1 Nd7 30. Ra7 Ke6 31. Kg2 Re8 32. Ra8 Kf7 33. Rc8 Bg5 34. Rc7 Rd8 35. Nxb6 Ke6 36. Nd5 Kf7 37. b6 Ke8 38. h4 Be7 39. Be5 Bf8 40. b7 Nxe5 41. Nf6# 1-0

[Event "Warsaw Legion op"]
[Site "Warsaw"]
[Date "1991.??.??"]
[Round "1"]
[White "Bukhman, Eduard"]
[Black "Szymanski, Andrzej"]
[Result "1-0"]
[WhiteElo "2430"]
[BlackElo "2210"]
[PlyCount "97"]
[EventDate "1991.??.??"]
[EventType "swiss"]
[EventRounds "11"]
[EventCountry "POL"]
[SourceTitle "EXT 1997"]
[Source "ChessBase"]
[SourceDate "1996.11.15"]
[SourceVersion "1"]
[SourceVersionDate "1996.11.15"]
[SourceQuality "1"]

1. d4 Nf6 2. Bg5 d5 3. Nd2 Nbd7 4. e3 c5 5. c3 e6 6. f4 Be7 7. Bd3 b6 8. Ngf3 Bb7 9. Bxf6 gxf6 10. f5 Qc7 11. Qe2 0-0-0 12. e4 Kb8 13. 0-0 Bd6 14. Rae1 c4 15. Bc2 Rde8 16. Qf2 h5 17. exd5 Bxd5 18. Be4 Reg8 19. Qh4 Rg4 20. Qh3 Qc6 21. Bxd5 Qxd5 22. fxe6 fxe6 23. Rf2 Nf8 24. Nf1 Ng6 25. Ne3 Nf4 26. Qxg4 hxg4 27. Nxd5 exd5 28. Re3 gxf3 29. Rfxf3 Kc7 30. g3 Nh5 31. Rf5 Kc6 32. g4 Nf4 33. Rxf6 Rh4 34. g5 Rg4+ 35. Kf2 Rxg5 36. Kf3 Rg6 37. Rxg6 Nxg6 38. Kg4 Kd7 39. h4 Bf8 40. h5 Ne7 41. Kg5 Bg7 42. Rf3 Ke8 43. h6 Bh8 44. a4 a6 45. h7 Nc6 46. Rf6 Nxd4 47. Rxb6 Kd7 48. cxd4 Bxd4 49. Rf6 1-0

[Event "Warsaw Legion op"]
[Site "Warsaw"]
[Date "1991.??.??"]
[Round "9"]
[White "Zapolskis, Antanas J"]
[Black "Bukhman, Eduard"]
[Result "1/2-1/2"]
[WhiteElo "2370"]
[BlackElo "2430"]
[PlyCount "125"]
[EventDate "1991.??.??"]
[EventType "swiss"]
[EventRounds "11"]
[EventCountry "POL"]
[SourceTitle "EXT 1997"]
[Source "ChessBase"]
[SourceDate "1996.11.15"]
[SourceVersion "1"]
[SourceVersionDate "1996.11.15"]
[SourceQuality "1"]

1. e4 c5 2. Nf3 Nc6 3. Bb5 e6 4. Bxc6 bxc6 5. d3 d5 6. 0-0 Nf6 7. Nbd2 Be7 8. Qe2 0-0 9. c4 Qc7 10. Nb3 Nd7 11. exd5 cxd5 12. cxd5 Nb6 13. dxe6 Bxe6 14. Nbd2 Rad8 15. Nc4 Bf5 16. Rd1 Nxc4 17. dxc4 Rxd1+ 18. Qxd1 Bf6 19. Qe2 Rb8 20. h3 h6 21. a4 Rb3 22. Ra3 Rxa3 23. Qe8+ Kh7 24. bxa3 a6 25. Be3 Be6 26. Qa8 Qd6 27. a5 Qd1+ 28. Kh2 Qd6+ 29. g3 Qd3 30. Nd2 Bxc4 31. Qe4+ Qxe4 32. Nxe4 Bd4 33. Nxc5 Bxe3 34. fxe3 Kg6 35. Kg2 Kf5 36. Kf3 Ke5 37. Na4 Be6 38. Nc3 Bxh3 39. e4 Bf1 40. Ke3 h5 41. Nd5 Bc4 42. Nf4 g6 43. a4 Bb3 44. Nd3+ Kf6 45. Nb4 Bc4 46. Kd4 Bf1 47. Nd5+ Kg5 48. Ne3 Be2 49. e5 h4 50. gxh4+ Kxh4 51. Kd5 Kg3 52. e6 Bf3+ 53. Ke5 fxe6 54. Kxe6 Kf4 55. Kf6 g5 56. Kg6 Bc6 57. Kh5 Be8+ 58. Kh6 Kxe3 59. Kxg5 Bxa4 60. Kg4 Bc6 61. Kg3 Bd5 62. Kg4 Be4 63. Kg3 1/2-1/2

[Event "Budapest Spring op 06th"]
[Site "Budapest"]
[Date "1990.??.??"]
[Round "3"]
[White "Bukhman, Eduard"]
[Black "Rosenthal, Dirk"]
[Result "0-1"]
[WhiteElo "2430"]
[BlackElo "2305"]
[PlyCount "72"]
[EventDate "1990.03.??"]
[EventType "swiss"]
[EventRounds "9"]
[EventCountry "HUN"]
[SourceTitle "CBM 017 Extra"]
[Source "ChessBase"]
[SourceDate "1990.09.01"]
[SourceVersion "1"]
[SourceVersionDate "1990.09.01"]
[SourceQuality "1"]

1. d4 Nf6 2. Bg5 g6 3. Bxf6 exf6 4. Nf3 f5 5. e3 Bg7 6. Be2 0-0 7. 0-0 d6 8. a4 c5 9. c3 Nc6 10. Na3 Re8 11. Re1 Qf6 12. Bb5 a6 13. Bf1 f4 14. d5 Ne7 15. e4 Bg4 16. Nc4 Rad8 17. a5 g5 18. Be2 Ng6 19. Nfd2 Bd7 20. e5 Rxe5 21. Nxe5 Nxe5 22. Nc4 Nxc4 23. Bxc4 g4 24. Qd3 Qg5 25. Rac1 Be5 26. b4 cxb4 27. cxb4 Rc8 28. Qd2 Qf6 29. Red1 g3 30. Bf1 Rxc1 31. Qxc1 gxf2+ 32. Kxf2 Bd4+ 33. Kf3 Be3 34. Qc7 Qe7 35. Qc2 Qg5 36. g3 Qh5+ 0-1

[Event "URS-chT Army"]
[Site "Leningrad"]
[Date "1989.??.??"]
[Round "?"]
[White "Solozhenkin, Evgeniy"]
[Black "Bukhman, Eduard"]
[Result "0-1"]
[WhiteElo "2405"]
[BlackElo "2430"]
[PlyCount "94"]
[EventDate "1989.??.??"]
[EventType "team-swiss"]
[EventRounds "14"]
[EventCountry "URS"]
[SourceTitle "EXT 2003"]
[Source "ChessBase"]
[SourceDate "2002.11.25"]
[SourceVersion "1"]
[SourceVersionDate "2002.11.25"]
[SourceQuality "1"]

1. e4 e6 2. d4 d5 3. Nd2 c5 4. exd5 exd5 5. Bb5+ Nc6 6. Ngf3 Bd6 7. dxc5 Bxc5 8. 0-0 Nge7 9. Nb3 Bd6 10. Bxc6+ bxc6 11. Qd4 0-0 12. Bf4 Nf5 13. Qa4 Qb6 14. Bxd6 Nxd6 15. Ne5 Qb5 16. Qxb5 cxb5 17. Rad1 Nc4 18. Nxc4 dxc4 19. Nc5 Bf5 20. c3 Rfd8 21. f3 Rac8 22. Nb7 Rxd1 23. Rxd1 g6 24. Rd8+ Rxd8 25. Nxd8 Kf8 26. Kf2 Ke7 27. Nb7 Ke6 28. g4 Bb1 29. a3 f6 30. Ke3 Kd5 31. Nd8 g5 32. Nf7 Bg6 33. Nh6 Ke5 34. Ng8 Be8 35. Ne7 Bd7 36. Kf2 Kd6 37. Ng8 Ke5 38. Kg3 Be6 39. Nh6 a6 40. h3 a5 41. Kg2 Kf4 42. Kf2 a4 43. Ke2 Kg3 44. Ke3 Kxh3 45. Kf2 Kh2 46. f4 gxf4 47. Kf3 Kh3 0-1